TOP 10 Największych Miast W UE - Statystyki

Ogólne statystyki
  • Ten quiz został rozwiązany 94 razy
  • Średni wynik to 8 z 10
Statystyki odpowiedzi
Odpowiedź % Poprawnych
Berlin
98%
Madryt
96%
Paryż
96%
Warszawa
95%
Rzym
93%
Wiedeń
78%
Barcelona
77%
Budapeszt
71%
Bukareszt
69%
Hamburg
62%
Nie znaleziono quizów pasujących do podanych kryteriów
Rozkład punktacji
Procent ludzi z każdym wynikiem
Percentyl według liczby udzielonych odpowiedzi
Twoja historia wyników
Nie rozwiązałeś tego quizu